Saltar al contenido
Inicio
Centros participantes
Catálogo
Servicios
Contacto
כניסה לחשבון
English
Deutsch
Español
Français
Italiano
日本語
Nederlands
Português
Português (Brasil)
中文(简体)
中文(繁體)
Türkçe
עברית
Gaeilge
Cymraeg
Ελληνικά
Català
Euskara
Русский
Čeština
Suomi
Svenska
polski
Dansk
slovenščina
اللغة العربية
বাংলা
Galego
Tiếng Việt
Hrvatski
हिंदी
Հայերէն
Українська
Sámegiella
שפה
כל השדות
כותר
מחבר
נושא
סימן המיקום
ISBN/ISSN
תג
מצא
מתקדם
Héroes y mártires
יצירת מראה מקום
שלח את זה
הדפסה
יצוא רשומה
יצוא אל RefWorks
יצוא אל EndNoteWeb
יצוא אל EndNote
הוספה למועדפים
Enlace Permanente
Agregar primera valuación
Héroes y mártires
שמור ב:
מידע ביבליוגרפי
מחבר תאגידי:
CONAPRO
פורמט:
Texto
יצא לאור:
Managua:
CONAPRO
תגים:
הוספת תג
אין תגיות, היה/י הראשונ/ה לתייג את הרשומה!
מלאי ספרים
תיאור
הערות
פריטים דומים
תצוגת צוות
MARC
LEADER
00000 a a2200000 04500
001
21437
003
040
090
|a
094500
110
|a
CONAPRO
245
|a
Héroes y mártires
260
|a
Managua:
|b
CONAPRO
300
|a
34 p.
999
|c
12215
|d
12215
פריטים דומים
La Crisis regional y la búsqueda de una alternativa propia
מאת: Gorostiaga, Xavier
Nicaragua: Estado y lucha de clases en la coyuntura 1979-1981
La problemática social, económica y política de las regiones fronterizas en Centroamérica
Evolución histórica de la estructura económica panameña y la causa actual de nuestro subdesarrollo
Diseño muestral e informe de campo del proyecto de empleo rural, estado y políticas públicas en Costa Rica /
מאת: Gómez Barrantes, Miguel